MANUAL OF PRACTICAL PHYSIOLOGY (Record no. 32351)

MARC details
000 -LEADER
fixed length control field 00314nam a22001457a 4500
003 - CONTROL NUMBER IDENTIFIER
control field SGT
020 ## - INTERNATIONAL STANDARD BOOK NUMBER
International Standard Book Number 9789389017649
082 ## - DEWEY DECIMAL CLASSIFICATION NUMBER
Classification number 612
Item number JOH
100 ## - MAIN ENTRY--PERSONAL NAME
Personal name JOHN NITIN ASHOK
245 ## - TITLE STATEMENT
Title MANUAL OF PRACTICAL PHYSIOLOGY
260 ## - PUBLICATION, DISTRIBUTION, ETC. (IMPRINT)
Place of publication, distribution, etc INDIA
Name of publisher, distributor, etc CBS PUB
Year of Publication 2020
300 ## - PAGE DESCRIPTION
No. of Pages 358
650 ## - SUBJECT ADDED ENTRY--TOPICAL TERM
Topical term or geographic name as entry element PHYSIOLOGY
942 ## - ADDED ENTRY ELEMENTS (KOHA)
Source of classification or shelving scheme Dewey Decimal Classification
Koha item type Books
Holdings
Withdrawn status Lost status Source of classification or shelving scheme Damaged status Not for loan Collection code Home library Current library Date acquired SGTU Total Checkouts Full call number Accession No. (Barcode) Date last seen Bill Date Koha item type
    Dewey Decimal Classification     SCIENCE SGT Science & Social Sciences Library SGT Science & Social Sciences Library 23/08/2025 SGTU   612 JOH DP43 23/08/2025 23/08/2025 Books